Evidence that demands a verdict : (Record no. 968)
[ view plain ]
| 000 -LEADER | |
|---|---|
| fixed length control field | 01597cam a2200457Ma 4500 |
| 001 - CONTROL NUMBER | |
| control field | 453588 |
| 003 - CONTROL NUMBER IDENTIFIER | |
| control field | GBCCL |
| 005 - DATE AND TIME OF LATEST TRANSACTION | |
| control field | 20241126110350.0 |
| 008 - FIXED-LENGTH DATA ELEMENTS--GENERAL INFORMATION | |
| fixed length control field | 890428s1979 cau b u001 0 eng d |
| 010 ## - | |
| -- | 78075041 |
| 020 ## - INTERNATIONAL STANDARD BOOK NUMBER | |
| International Standard Book Number | 0918956579 |
| 020 ## - INTERNATIONAL STANDARD BOOK NUMBER | |
| International Standard Book Number | 9780918956576 |
| 020 ## - INTERNATIONAL STANDARD BOOK NUMBER | |
| International Standard Book Number | 0918956463 (pbk.) |
| 020 ## - INTERNATIONAL STANDARD BOOK NUMBER | |
| International Standard Book Number | 9780918956460 (pbk.) |
| 029 0# - | |
| -- | AU@ |
| -- | 000023873695 |
| 035 ## - SYSTEM CONTROL NUMBER | |
| System control number | (OCoLC)ocn223339684 |
| 035 ## - SYSTEM CONTROL NUMBER | |
| System control number | (OCoLC)223339684 |
| Canceled/invalid control number | (OCoLC)731269520 |
| 040 ## - CATALOGING SOURCE | |
| Original cataloging agency | AU@ |
| Language of cataloging | eng |
| Transcribing agency | AU@ |
| Modifying agency | TXBXL |
| -- | OCLCQ |
| -- | OCLCF |
| -- | OCLCO |
| -- | LBB |
| 049 ## - | |
| -- | LBBA |
| 082 00 - DEWEY DECIMAL CLASSIFICATION NUMBER | |
| Classification number | 239 |
| Item number | MCD |
| 090 ## - LOCALLY ASSIGNED LC-TYPE CALL NUMBER (OCLC); LOCAL CALL NUMBER (RLIN) | |
| Classification number (OCLC) (R) ; Classification number, CALL (RLIN) (NR) | BT 1102 |
| Local cutter number (OCLC) ; Book number/undivided call number, CALL (RLIN) | .M3 1979 |
| 100 ## - MAIN ENTRY--PERSONAL NAME | |
| Personal name | McDowell, Josh |
| 9 (RLIN) | 1225 |
| 245 00 - TITLE STATEMENT | |
| Title | Evidence that demands a verdict : |
| Remainder of title | historical evidences for the Christian faith. |
| Number of part/section of a work | Vol. 1 / |
| Statement of responsibility, etc. | compiled by Josh McDowell. |
| 250 ## - EDITION STATEMENT | |
| Edition statement | Rev. ed. |
| 260 ## - PUBLICATION, DISTRIBUTION, ETC. | |
| Place of publication, distribution, etc. | San Bernardino, Calif. : |
| Name of publisher, distributor, etc. | Here's Life Publishers, |
| Date of publication, distribution, etc. | 1979. |
| 300 ## - PHYSICAL DESCRIPTION | |
| Extent | 387 pages ; |
| Dimensions | 21 cm. |
| 336 ## - CONTENT TYPE | |
| Content type term | text |
| Content type code | txt |
| Source | rdacontent |
| 337 ## - MEDIA TYPE | |
| Media type term | unmediated |
| Media type code | n |
| Source | rdamedia |
| 338 ## - CARRIER TYPE | |
| Carrier type term | volume |
| Carrier type code | nc |
| Source | rdacarrier |
| 490 0# - SERIES STATEMENT | |
| Series statement | A Campus Crusade for Christ book |
| 504 ## - BIBLIOGRAPHY, ETC. NOTE | |
| Bibliography, etc. note | Includes bibliographical references and index. |
| 520 ## - SUMMARY, ETC. | |
| Summary, etc. | Historical evidences for the Christian faith. |
| 630 00 - SUBJECT ADDED ENTRY--UNIFORM TITLE | |
| Uniform title | Bible |
| General subdivision | Evidences, authority, etc. |
| 9 (RLIN) | 351 |
| 630 07 - SUBJECT ADDED ENTRY--UNIFORM TITLE | |
| Uniform title | Bible. |
| Source of heading or term | fast |
| Authority record control number or standard number | (OCoLC)fst01356024 |
| 9 (RLIN) | 599 |
| 650 #0 - SUBJECT ADDED ENTRY--TOPICAL TERM | |
| Topical term or geographic name entry element | Apologetics. |
| 9 (RLIN) | 85 |
| 650 #7 - SUBJECT ADDED ENTRY--TOPICAL TERM | |
| Topical term or geographic name entry element | Apologetics. |
| Source of heading or term | fast |
| Authority record control number or standard number | (OCoLC)fst00811449 |
| 9 (RLIN) | 85 |
| 650 #7 - SUBJECT ADDED ENTRY--TOPICAL TERM | |
| Topical term or geographic name entry element | Authority |
| General subdivision | Religious aspects. |
| Source of heading or term | fast |
| Authority record control number or standard number | (OCoLC)fst00821658 |
| 9 (RLIN) | 1597 |
| 700 1# - ADDED ENTRY--PERSONAL NAME | |
| Personal name | McDowell, Josh. |
| 9 (RLIN) | 1225 |
| 710 2# - ADDED ENTRY--CORPORATE NAME | |
| Corporate name or jurisdiction name as entry element | Campus Crusade for Christ International. |
| 9 (RLIN) | 1598 |
| 942 ## - ADDED ENTRY ELEMENTS (KOHA) | |
| Source of classification or shelving scheme | Dewey Decimal Classification |
| Koha item type | Books |
| Koha issues (borrowed), all copies | 15 |
| Withdrawn status | Lost status | Source of classification or shelving scheme | Damaged status | Not for loan | Home library | Current Library | Shelving location | Date acquired | Total checkouts | Full call number | Barcode | Date last seen | Date last checked out | Copy number | Price effective from | Koha item type |
|---|---|---|---|---|---|---|---|---|---|---|---|---|---|---|---|---|
| Dewey Decimal Classification | GRACE BIBLE COLLEGE | GRACE BIBLE COLLEGE | Theology | 2017-03-31 | 19 | 239 MCD | 000998 | 2025-05-01 | 2022-07-29 | c.1 | 2017-03-31 | Books |